000 01561nam a2200301 4500
003 EC-UNACH
005 20251218111145.0
006 s||||gr|||| 00| 00
008 150116t9999 mx r gr 000 0 spa d
020 _a978-9942-8531-6-5
040 _aEC-UNACH
_cEC-UNACH
041 _aspa
082 0 4 _223
_a342
_bL018526
110 _aConsejo de la judicatura
245 _aElogio de la necedad
250 _aS/N
264 _aEcuador
_bConsejo de la judicatura
_c2014
300 _a284
505 _aEstructura del contenido (sin capítulos formales): Introducción de la Locura: La Locura se presenta a sí misma, hija de Plutón, nacida de la Abundancia y la Juventud (Hebe), rodeada de sus sirvientes como la Adulación, la Pereza, la Demencia y la Voluptuosidad. Elogio a sí misma: Argumenta que es indispensable para la vida humana, fuente de alegría, placeres y la ilusión necesaria para soportar la existencia. Crítica a los tipos de personas: Los mortales en general: Cómo la Locura interviene en el matrimonio, la amistad y la vida cotidiana. Los sabios y eruditos: Se burla de su pedantería y su búsqueda inútil de conocimiento. Los poderosos y clérigos: Ataques mordaces a príncipes, monjes, teólogos y papas, criticando su hipocresía y ambición.
650 _aHABLA DE LA NECEDAD
650 _aESTULTICIA DE LOS DIOSES
650 _aLOS FILOSOFOS
700 _aEfraín Villacis
942 _2ddc
_c1
999 _c14322